[Event "CRO-ch 6th"]
[Site "Pula"]
[Date "1998.01.15"]
[Round "7"]
[White "Rogic, Davor"]
[Black "Sale, Srdjan"]
[Result "1-0"]
[WhiteElo "2445"]
[BlackElo "2415"]
[Annotator "Tsesarsky,I"]
[PlyCount "41"]
[EventDate "1998.01.09"]
[EventType "tourn"]
[EventRounds "13"]
[EventCountry "CRO"]
[EventCategory "9"]
[SourceTitle "CBM 064"]
[Source "ChessBase"]
[SourceDate "1998.06.02"]
[SourceVersion "1"]
[SourceVersionDate "1998.06.02"]
[SourceQuality "1"]

1. e4 c5 2. Nf3 Nc6 3. d4 cxd4 4. Nxd4 g6 5. Nc3 Bg7 6. Be3 Nf6 7. Bc4 O-O 8.
Bb3 a5 9. O-O (9. Nxc6 bxc6 10. e5 Ne8 11. f4 d6 (11... Ba6 $5 12. Qf3 d5 $132
(12... Qc7 $2 13. O-O-O d6 (13... d5 14. h4 $16) 14. h4 dxe5 15. h5 $1 $16 {
1-0 Zurmely,F-Afek,Y/Paris-ch 1993 (27)})) 12. O-O (12. Qf3 Qc7 13. O-O-O dxe5
$15) 12... Qc7 13. exd6 Nxd6 14. Bd4 Bxd4+ 15. Qxd4 c5 16. Qf2 $11 {1/2-1/2
Hodgson,J-Rechlis,G/London Peace 1987 (20)}) (9. h4 a4 10. Bd5 a3 11. b3 Ng4 (
11... Qa5 12. Qd2 Nxd4 13. Bxd4 e6 14. Bc4 (14. b4 Qxb4 15. Rb1 Qe7 $5 (15...
Nxe4 $6 16. Rxb4 Nxd2 17. Kxd2 (17. Bxg7 Kxg7 18. Kxd2 exd5 19. Nxd5 Ra5 20.
Rd4 $11) 17... exd5 18. Nxd5 Bxd4 19. Rxd4 Ra6 $11) (15... Qa5 $1 16. Bxb7 (16.
Rb5 Qc7 17. Bb6 Qb8 $17) 16... Bxb7 17. Rxb7 Rfb8 18. Rxb8+ Rxb8 19. Rh3 Nxe4
20. Nxe4 Qxd2+ 21. Kxd2 Bxd4 22. Rxa3 d5 23. Rd3 Bg7 $17) 16. Bxb7 Rb8 17. Bxc8
Rfxc8 $15) 14... Nxe4 $19) 12. Bxc6 dxc6 13. Nde2 Nxe3 14. fxe3 Qa5 $19 (14...
Qc7 15. O-O Bg4 $19 {0-1 Jakoby,U-Dally,H/Dortmund op 1989 (28)})) (9. h3 d5 (
9... a4 $1 10. Nxa4 (10. Bxa4 Nxe4 11. Nxe4 Rxa4 $15) 10... Nxe4 $15) 10. Bxd5
Nxd5 11. exd5 Nb4 12. Nde2 Bf5 13. Rc1 Rc8 14. O-O b5 15. Nd4 Bxd4 16. Qxd4
Nxc2 17. Rxc2 Bxc2 18. Bh6 e5 19. Qxe5 f6 20. Qd4 $44 {1/2-1/2 Romero Holmes,
A-Frois,A/La Coruna TH op 1995 (29)}) 9... a4 (9... Ng4 10. Qxg4 (10. Nxc6 dxc6
(10... Nxe3 11. Nxd8 Nxd1 12. Raxd1 (12. Nd5 Rxd8 13. Nxe7+ Kf8 14. Nxc8 Rdxc8
15. Raxd1 a4 16. Bd5 Rxc2 $11) 12... Rxd8 13. Rd3 $132) 11. Qxd8 Rxd8 12. Bb6
$11) 10... Nxd4 11. Qh4 (11. Qd1 Nxb3 12. axb3 d6 13. Bd4 Bd7 14. Bxg7 Kxg7 15.
Qd4+ f6 $11 {1-0 Sarlamanov,D-Bahtiri,S/JUG-ch 1991 (31)}) 11... Nxb3 12. axb3
Ra6 13. Bh6 Re6 $11 {1-0 Luecke,N-Heinatz,T/BL 1993 (41)}) 10. Nxa4 (10. Bxa4
Nxe4 11. Nxe4 Rxa4 12. c3 Ra5 (12... Ra8 13. Ng3 d5 14. f4 e6 $15 {1-0
Baranyai,A-Toth,S/Providencia Open, Debrecen HUN 1997 (24)}) 13. Nxc6 bxc6 14.
Qb3 Rb5 15. Qc2 d5 $15 {1/2-1/2 Gallinnis,N-Guempges,x/corr 1981 (53)}) 10...
Nxe4 11. Nb5 (11. Nxc6 bxc6 12. f3 (12. Nb6 Rb8 13. Nxc8 Qxc8 14. f3 Nd6 15. c3
Nf5 16. Bf2 d5 $132 {0-1 Bezzy,M-Denny,K/Moscow olm SMR-BAR 1994 (42)}) 12...
Nf6 13. Nb6 (13. Bb6 Qe8 14. Re1 d6 15. Bf2 c5 $11 {Shchekachev,A-Pigusov,E/
Open, Bourbon Lancy FRA 1997/1-0 (59)}) 13... Rb8 14. Nxc8 Qxc8 15. Qe2 (15.
Re1 d6 16. a4 c5 17. a5 c4 18. Ba4 Qa6 19. Bb6 Rxb6 20. axb6 Qxb6+ 21. Kh1 Qxb2
$44 {0-1 Garcia,G-Turner,M/London Lloyds 1994 (47)}) 15... Qc7 16. Rad1 Rfe8
17. Rfe1 d6 18. Kh1 e5 $132 {1-0 Mokry,K-Antunes,A/EUCup Gr2 Strasbourg 1994 
(44)}) 11... Ra6 (11... d6 12. Qe2 (12. Bb6 Qd7 13. Nc7 Rb8 14. Re1 Nf6 $132 {
Voicu,C-Andreeva,N/EU-chJW U16 Rimavska Sobota 1996/0-1 (53)}) 12... Nf6 13.
Rad1 Bf5 14. c4 Ng4 15. Bc1 Qb8 16. h3 Nf6 17. Be3 $11 {1-0 Theissen,H-Fabisch,
C/Dortmund op-A 1993 (58)}) 12. Qe2 (12. Re1 d6 $11) (12. Qd3 d5 (12... Nf6 13.
Nc5 (13. Nac3 d6 $11) 13... Ra8 $11) 13. f3 Nf6 14. Nc5 Ra8 15. Rfd1 e6 $11 (
15... Ra5 $6 16. c4 b6 17. Na4 Ra6 18. c5 Bf5 19. Qe2 bxc5 20. Nac3 c4 21. Bxc4
Nb4 22. Bb3 $16)) 12... d6 13. c4 (13. Rad1 Bd7 $132) 13... f5 $2 $16 (13...
Nf6 14. Rad1 Bg4 15. f3 Bd7 (15... Bf5 16. c5 Na5 17. cxd6 Nxb3 18. Bb6 $3 Qc8
(18... Rxb6 19. dxe7 Qxe7 20. Qxe7 Rxb5 21. axb3 $18) 19. dxe7 Re8 20. Nd6 Qc6
21. Nxe8 Nxe8 22. axb3 $18) 16. c5 Na5 17. Bc2 (17. cxd6 exd6 $11 (17... Nxb3
18. Bb6 Bxb5 19. Qxb5 Qe8 20. Qxe8 (20. Qxb3 Qxa4 21. Qxa4 Rxa4 22. d7 Nxd7 23.
Rxd7 Rxa2 24. b4 $11) 20... Rxe8 21. axb3 exd6 22. Rxd6 $16)) 17... d5 $11) 14.
Bb6 $1 Qd7 (14... Rxb6 $2 15. Nxb6 Qxb6 16. c5+ $18) 15. f3 (15. c5+ Kh8 16.
Rad1 $16) (15. Rad1 Na5 16. Bc2 $14) 15... Nf6 $2 (15... Ng5 16. Rad1 Ne6 $1
17. c5 Kh8 18. cxd6 exd6 19. Rf2 (19. Rxd6 Ncd4 $3 20. Nxd4 Qxd6 21. Nxe6 Bxe6
22. Rd1 (22. Bxe6 Rxa4 $19) 22... Qc6 23. Qxe6 Qxe6 24. Bxe6 Rxa4 $15) 19... d5
20. Nc5 (20. Rxd5 $2 Nf4 $1 21. Rxd7 Nxe2+ 22. Rxe2 Bxd7 $17) 20... Nxc5 21.
Bxc5 Re8 22. Qf1 Ne7 23. Rc2 $16) 16. Rad1 $22 $18 Na5 (16... Kh8 17. Nc5 dxc5
18. Rxd7 Nxd7 19. Bc7 e5 20. Rd1 $18) (16... e5 17. Nxd6 $18) 17. Bxa5 Rxa5 18.
Nb6 Qc6 (18... Qd8 19. Nxc8 Qxc8 20. Qxe7 $18) 19. Qxe7 d5 20. Nxc8 dxc4 21.
Qb4 1-0

[Event "WchT 4th"]
[Site "Luzern"]
[Date "1997.10.30"]
[Round "6.1"]
[White "Short, Nigel D"]
[Black "Kotsur, Pavel"]
[Result "1/2-1/2"]
[WhiteElo "2660"]
[BlackElo "2500"]
[Annotator "Tsesarsky,I"]
[PlyCount "68"]
[EventDate "1997.10.25"]
[EventType "team-tourn"]
[EventRounds "9"]
[EventCountry "SUI"]
[SourceTitle "CBM 062"]
[Source "ChessBase"]
[SourceDate "1998.01.31"]
[SourceVersion "1"]
[SourceVersionDate "1998.01.31"]
[SourceQuality "1"]
[WhiteTeam "England"]
[BlackTeam "Kazakhstan"]
[WhiteTeamCountry "ENG"]
[BlackTeamCountry "KAZ"]

1. e4 c5 2. Nc3 Nc6 3. Nge2 g6 4. d4 cxd4 5. Nxd4 Bg7 6. Be3 Nf6 7. Bc4 O-O 8.
Bb3 a5 9. f3 d5 10. exd5 Nb4 11. Nde2 (11. Ndb5 a4 12. Bc4 (12. Nxa4 Nfxd5 13.
Bf2 Qa5 14. O-O Qxb5 (14... Bf5 15. Nd4 Bd7 16. a3 Nxc2 17. Nxc2 Bxa4 18. Qxd5
Qxd5 19. Bxd5 Bxc2 $11) 15. c4 Qa5 (15... Qa6 16. cxd5 Nd3 17. Qd2 Nxf2 $44)
16. cxd5 Nxd5 17. Bxd5 Qxa4 $11 {0-1 Strobel,W-Tielemann,K/BL 1983 (44)}) 12...
a3 13. Nxa3 Nfxd5 14. Nxd5 Nxd5 15. Qxd5 Bxb2 16. Rd1 Qxd5 17. Bxd5 Rxa3 (17...
Bxa3 $15) 18. Kf2 $132 {0-1 Wahl,C-Tielemann,K/BL 1985 (44)} (18. Ke2 $132)) (
11. d6 Qxd6 12. Ndb5 Qe5 (12... Qxd1+ 13. Rxd1 Be6 $1 14. O-O (14. Bxe6 Nxc2+
15. Ke2 fxe6 16. Nc7 Nxe3 17. Kxe3 Rad8 18. Nxe6 Bh6+ 19. Ke2 Rxd1 20. Rxd1 Rc8
$11) 14... Bxb3 15. cxb3 Rfd8 $11) 13. Qd4 Qf5 (13... Qxd4 14. Bxd4 Bf5 15.
O-O-O a4 16. Nxa4 Nxc2 (16... Nxa2+ 17. Bxa2 Rxa4 18. Nc3 Ra6 19. g4 $14 {
1/2-1/2 Komsic,D-Soos,B/OLO-B 1993 (65)}) 17. Bxc2 Bxc2 18. Kxc2 Rxa4 $11) 14.
O-O-O Bd7 15. Qf4 (15. Qc5 $4 Bh6 $1 (15... a4 $4 16. Bxf7+ Rxf7 17. Qxb4 Rff8
18. Rhe1 Rfc8 19. g4 {1-0 Peters Jack-Donaldson John W/It, USA 1995}) 16. Qd4 (
16. Kb1 a4 17. Qxf5 Bxf5 18. Bxf7+ Rxf7 19. Bxh6 Bxc2+ 20. Kc1 Bxd1 $17) 16...
Bxe3+ (16... Bg7 $2 $11) 17. Qxe3 Bxb5 18. g4 Qc8 19. Nxb5 a4 $19) 15... Qxf4
16. Bxf4 Rfd8 $1 $132 (16... Bxb5 17. Nxb5 a4 18. Bc4 Rfc8 19. Na3) (16... a4
17. Bc4 Bxb5 18. Nxb5 Rfc8 19. Na3 b5 20. Bxb5 Nfd5 (20... Nxa2+ 21. Kb1 Nb4
22. Rhe1 Kf8 23. Be5 $16) 21. Bd2 Rc5 22. c4 Nd3+ 23. Kb1 (23. Kc2 Nf2 $17)
23... Bxb2 24. Be3 Nc3+ 25. Kc2 Nxd1 26. Rxd1 Bxa3 27. Rxd3 Rxb5 28. cxb5 Bd6
29. b6 $16)) 11... e6 $6 $146 (11... a4 12. Nxa4 Nfxd5 13. Bf2 (13. Bd4 Bxd4 (
13... Bf5 $2 14. Bxg7 (14. c3 $4 Nd3+ 15. Kf1 Rxa4 16. Bxd5 (16. Bxa4 Bxd4 $19)
(16. Qd2 Rxd4 17. Nxd4 Bxd4 18. cxd4 N5f4 $19) 16... Rxd4 {0-1 Roose,J-Uogele,
A/corr Eberhard-Wilhelm-Cup f (FS-68/211) 0}) 14... Ne3 15. Qxd8 Rfxd8 16. Bc3
Nexc2+ 17. Kf2 Nd3+ 18. Kg3 Nxa1 19. Rxa1 $16) 14. Qxd4 Bf5 15. O-O-O (15. Nac3
Nxc2+ (15... Nxc3 16. Qxb4 Nxe2 17. Kxe2 Qc7 18. Kf2 Rfd8 19. Rad1 $14) 16.
Bxc2 Nxc3 17. Qxd8 (17. Bxf5 Nxe2 18. Qxd8 Rfxd8 19. Kxe2 gxf5 $11) 17... Rfxd8
18. Bxf5 Nxe2 19. Kxe2 gxf5 20. a3 $11 {- Kostro,J-Szilagyi,G/Rubinstein mem
1969/MCL 06}) 15... Qc7 16. Nec3 (16. Nac3 Nxc3 17. Qxc3 Qb6 18. Qd4 Qxd4 (
18... Nxa2+ 19. Bxa2 Qxd4 20. Bxf7+ Rxf7 21. Nxd4 $16) 19. Nxd4 Nxa2+ 20. Kb1
Nb4 21. Nxf5 gxf5 22. Rd7 Ra7 23. Re1 Rfa8 24. Kc1 e6 $11) 16... Nxc3 17. Nxc3
Nxa2+ 18. Nxa2 Rxa2 19. Qc4 (19. Kb1 Rfa8 $19) 19... Ra1+ 20. Kd2 Qd6+ 21. Ke2
(21. Qd5 Qf4+ 22. Ke2 Rxd1 23. Rxd1 Qxh2 24. Kf2 $17) 21... Rxd1 22. Rxd1 Qxh2
23. Kf2 $17 {Navara,D-Groh,J/CZE-chT2 9697 1997/EXT 97/ - (66)}) (13. Bd2 b5 (
13... Qc7 14. a3 Nc6 15. Nac3 (15. Bxd5 Rxa4 16. Bc3 Rd8 17. Bxg7 Kxg7 18. c4
Rxc4 19. Bxc4 Rxd1+ $17) 15... Nb6 (15... Nxc3 16. Nxc3 Rd8 17. O-O (17. Qe2
Nd4 $17) 17... Na5 (17... Be5 18. f4 Bd4+ 19. Kh1 Bxc3 20. bxc3 b5 21. Re1 $14)
18. Re1 Nxb3 19. cxb3 Be6 $15) 16. Bf4 Ne5 17. O-O Nbc4 18. Qc1 Qb6+ 19. Kh1
$14 {1/2-1/2 Meister,Y-Petrushin,A/Barnaul URS sf 1984 (73)}) (13... Bf5 $2 14.
a3 Nc6 15. Bxd5 Qxd5 16. Nb6 Qc5 17. Nxa8 Bxb2 (17... Bxc2 18. Rc1 Bxd1 19.
Rxc5 Bxe2 20. Kxe2 Rxa8 21. Bc3 $18) 18. Ra2 Bxc2 19. Bb4 Qe3 (19... Nxb4 20.
axb4 Qc4 21. Nb6 Qxa2 22. Qxc2 Qa1+ 23. Qd1 Bc3+ 24. Kf2 Qa7 25. Nxc3 Qxb6+ 26.
Ke2 Qe6+ 27. Kf1 Qc4+ 28. Ne2 Qxb4 29. g3 $16) 20. Qxc2 $18 {1-0 Medvegy,
N-Felegyhazi,L/Hajduboszormeny op 1995 (45)}) 14. Nac3 Bf5 15. a3 Nxc3 16. Bxc3
(16. Nxc3 Nc6 17. g4 (17. Bd5 Nd4 18. Be4 (18. Bxa8 Nxc2+ 19. Kf2 Qd4+ 20. Kg3
Nxa1 $17) 18... b4 19. Nd5 (19. axb4 Rxa1 20. Qxa1 Bxe4 $19) 19... bxa3 20.
Rxa3 Rxa3 21. bxa3 e6 (21... Nxc2+ $1 22. Qxc2 Qxd5 23. Bxd5 Bxc2 24. Ke2 $11)
22. Nc3 Qh4+ 23. Kf1 (23. g3 Qh3 $17) 23... Rc8 $15) 17... Bc8 18. Bd5 Bb7 19.
Be4 b4 20. axb4 Rxa1 (20... Nxb4 21. Rxa8 Qxa8 22. O-O $16) 21. Qxa1 Nxb4 22.
Qa4 Bxe4 23. fxe4 Qd4 $36) 16... Qxd1+ 17. Kxd1 (17. Rxd1 Nxc2+ 18. Kf2 Bxc3
19. Nxc3 Nxa3 20. Nd5 Kg7 21. Nxe7 Bc2 22. Bxc2 Nxc2 23. Rd2 {1/2-1/2 Lanc,
A-Rantanen,Y/Tbilisi 1987}) 17... Rfd8+ 18. Kc1 Bh6+ 19. Kb1 Nd5 20. g4 Bc8 (
20... Nxc3+ 21. Nxc3 Bd7 $44) 21. Bxd5 Rxd5 22. Ka2 Be6 23. b3 Rc5 24. Kb2 Bd5
(24... Rac8 25. Rad1 Bg7 26. Rd3 h5 27. h3 hxg4 28. hxg4 f5 $14) 25. Bd4 Rc6
26. Rhf1 e5 27. Nc3 Bxf3 28. Bxe5 Bxg4 29. Nd5 $132 {1/2-1/2 Votava
Jan-Michenka Jozef/Extra League 1995 (49)}) 13... Bf5 $1 (13... Rxa4 $2 14.
Bxa4 Qa5 (14... Bxb2 15. Rb1 Qa5 16. O-O Bg7 17. Bb3 Rd8 18. Qe1 Qc7 19. c4 Nd3
20. Qd2 N5f4 21. Nxf4 Nxf4 22. Qb4 $16 {1-0 Trefny,V-Jacek,M/CZE Tschechien-ch
1993 (32)}) 15. O-O $1 Rd8 (15... Qxa4 16. c3 $1 $16) 16. a3 $1 (16. c3 $2 Nxc3
17. bxc3 Rxd1 18. Rfxd1 Nc6 19. Bb3 $132 {1/2-1/2 Gorshkov-Kochiev/URS-ch 1975
(24)}) 16... Na6 17. Bb3 Bxb2 (17... Ne3 18. Qe1 Qxe1 19. Rfxe1 $18) 18. Qe1 $1
$16 {1-0 Sax,G-Haik,A/Smederevska Palanka 1982 (42)}) 14. O-O (14. a3 Nxc2+ 15.
Bxc2 Qa5+ 16. b4 Nxb4 17. axb4 Qxb4+ 18. Qd2 Qxd2+ 19. Kxd2 Bxa1 20. Rxa1 Rfd8+
21. Kc1 Rdc8 22. Nd4 b5 23. Nxf5 gxf5 24. Kb1 bxa4 25. Rxa4 Rxa4 26. Bxa4 e6
27. Bc2 f6 {1/2-1/2 Ceshkovskij-Tukmakov,V/Vilnius 1975}) 14... b5 15. Nac3
Nxc3 16. Nxc3 (16. bxc3 Qxd1 17. Raxd1 Nxa2 18. g4 Be6 19. Bxe6 fxe6 20. Bd4 e5
21. Be3 Rac8 $11 {1/2-1/2 Helving,U-Bar,R/Petach-Tikva 1995 (27)}) 16... Qxd1
17. Rfxd1 Bxc2 18. Bxc2 Nxc2 19. Rac1 Bxc3 20. Rxc2 Bf6 {- Shirov,A-Lautier,J/
Fontys 1997/CBM 61}) 12. O-O $6 (12. d6 $6 Ra6 (12... Ne8 13. d7 Bxd7 14. Bc5
a4 15. Bxf8 (15. Bxb4 Qh4+ 16. g3 Qxb4 $17) 15... Kxf8 16. Nxa4 Bxa4 17. Qxd8
Rxd8 18. Bxa4 Ra8 19. Bb3 $16) 13. Bc5 Rc6 $15) (12. dxe6 $1 Bxe6 (12... Qxd1+
13. Rxd1 Bxe6 14. Bxe6 (14. Rd2 Bxb3 15. axb3 $16) 14... Nxc2+ 15. Kd2 Nxe3 16.
Bxf7+ Rxf7 17. Kxe3 Re8+ 18. Kf2 (18. Kd3 Rd7+ 19. Kc2 Nd5 20. Kb3 b5 21. a4
bxa4+ 22. Kxa4 Nxc3+ 23. Nxc3 Rb7 24. Rd2 Reb8 25. Nd1 Bxb2 $11) 18... Ng4+ 19.
Kg3 Ne3 20. Rd3 $14) 13. Bxe6 fxe6 (13... Qxd1+ 14. Rxd1 Nxc2+ 15. Kd2 Nxe3 16.
Bxf7+ Rxf7 17. Kxe3 $14) 14. Bd4 Qc7 15. a3 $14) 12... Nbxd5 $11 13. Nxd5 (13.
Bd4 Nxc3 14. Nxc3 Bd7 $11) 13... Nxd5 14. Bxd5 exd5 15. Bd4 Bh6 $5 (15... Re8
16. Bxg7 Kxg7 17. Nd4 $14) 16. Re1 Ra6 $1 17. Nc3 Re6 18. Rxe6 (18. Qd3 Bf4 (
18... Rfe8 19. Rxe6 fxe6 (19... Bxe6 20. Qb5 Bf4 21. Rd1 (21. Qxb7 Qh4 $17)
21... Qb8 22. h3 $16) 20. Qb5 $14) 19. Rxe6 (19. g3 Bh6 20. Rxe6 fxe6 21. Re1
Bd7 $11) 19... fxe6 $132) 18... Bxe6 19. Qe2 (19. Qd3 Bf4 $1 $132) 19... Bf4
20. Rd1 (20. Qf2 Re8 $132) 20... Qg5 (20... Bf5 $5 $132) (20... Qh4 21. g3 Qg5
22. Kh1 Bd6 23. Nb5 Bb8 24. Bc3 $14) 21. Qf2 (21. Na4 Bd7 22. Nc5 Re8 23. Qf2
Bb5 24. Nd3 $11) 21... Rc8 22. g3 (22. a3 Rc4 23. Rd3 $11) 22... Rc4 23. Kh1 (
23. Re1 a4 (23... Rc8 24. Kh1 Bb8 25. Nb5 Bd7 $11) 24. Kh1 Bb8 25. Nb5 Bd7 26.
Na3 Rc8 27. c3 Bd6 28. Nc2 b5 29. f4 Qh5 30. Be5 Bc5 31. Nd4 b4 $11) 23... Be5
24. Nb5 Rb4 $6 (24... Bd7 25. Bxe5 Qxe5 26. Nd4 b5 27. c3 b4 28. cxb4 axb4 29.
Qd2 $11) 25. Qe2 Bxd4 26. Nxd4 Rxb2 $6 (26... Rb6 27. c3 a4 28. Re1 $14) 27.
Nxe6 fxe6 28. Qxe6+ Kg7 29. Qd7+ Kh6 30. Rxd5 $6 (30. Qf7 $1 Qf5 $1 (30... Qe5
31. Qf8+ Qg7 32. Qf4+ g5 33. Qd6+ (33. Qf5 Qe7 34. a4 $16) 33... Qg6 $8 34.
Qxd5 $1 (34. Qf8+ Qg7 (34... Kh5 35. g4+ Kh4 36. Qb8 $18) 35. Qxg7+ Kxg7 36.
Rxd5 Kg6 37. Rxa5 Rxc2 $14) 34... Rxc2 $8 35. Qxa5 $16) 31. Qxf5 gxf5 32. Rxd5
(32. a4 Rxc2 (32... b5 33. Rxd5 bxa4 34. Rxf5 a3 35. Rxa5 a2 36. Kg2 Rxc2+ 37.
Kh3 $18) 33. Rxd5 Kg6 34. Rxa5 Ra2 35. Rb5 Rxa4 36. Rb6+ Kh5 37. Rxb7 h6 $11)
32... Kg6 $1 (32... Rxa2 33. Rxf5 a4 34. Ra5 b5 (34... b6 35. Ra6) 35. Rxb5
Rxc2 36. Ra5 Ra2 37. f4 Kg6 38. g4 a3 39. Ra6+ Kg7 40. Kg1 $18) 33. Rxa5 Rxc2
34. a4 Ra2 35. Rb5 Rxa4 36. Rb6+ Kh5 37. Rxb7 h6 38. Kg2 $14) (30. f4 Qf6 31.
Qxd5 Qc6 $11) (30. Qh3+ Qh5 31. Qxh5+ Kxh5 32. Rxd5+ Kh6 33. Rxa5 Rxc2 $11)
30... Qc1+ $11 31. Rd1 Qxc2 32. Qh3+ Kg7 33. Rd7+ Kf8 34. Rd8+ Kg7 1/2-1/2

[Event "RUS-ch"]
[Site "Krasnodar"]
[Date "2002.09.01"]
[Round "6"]
[White "Beshukov, Sergei"]
[Black "Savchenko, Boris"]
[Result "1/2-1/2"]
[WhiteElo "2475"]
[BlackElo "2366"]
[Annotator "Tsesarsky,I"]
[PlyCount "90"]
[EventDate "2002.08.27"]
[EventType "swiss"]
[EventRounds "9"]
[EventCountry "RUS"]
[SourceTitle "CBM 091"]
[Source "ChessBase"]
[SourceDate "2002.11.12"]
[SourceVersion "1"]
[SourceVersionDate "2002.11.12"]
[SourceQuality "1"]

1. e4 c5 2. Nf3 Nc6 3. d4 cxd4 4. Nxd4 g6 5. Nc3 Bg7 6. Be3 Nf6 7. Bc4 O-O 8.
Bb3 Ng4 9. Qxg4 Nxd4 10. Qd1 Nxb3 11. axb3 b6 12. Bd4 f6 13. Bxf6 $4 $19 {
This very bad move was played once...} ({Very strong is} 13. h4 $1 {and White
leaves with advantage.} Bb7 14. h5 d5 (14... Qc7 15. hxg6 hxg6 16. Qg4 Kf7 17.
O-O-O $14 {0-1 Nadezhdin,N-Listergarten,L/Riga 1962/EXT 2000 (43)}) (14... Kf7
15. Qg4 (15. f4 e6 16. Qd3 d5 17. e5 Rh8 18. h6 Bf8 19. exf6 $16 {1-0 Martin
Gonzalez,A-Garcia,I/Candas 1992/TD (39)}) 15... d5 16. exd5 Bxd5 17. O-O-O Be6
18. Qg3 Qb8 19. Qf3 (19. Qe3 $16) 19... Qc8 20. Qe3 $16 (20. Ne4 $2 Bg4 $17 {
0-1 Fischer,R-Ballard,D/Wichita 1964/EXT 2001 (34)})) 15. hxg6 hxg6 16. exd5
Bxd5 17. Qd3 e5 (17... Bxg2 18. Rg1 e5 19. Rxg2 Qxd4 20. Qxg6 $16 {1/2-1/2
Milu,R-Bogdan,D/ROM-ch 1992/EXT 97 (26)}) (17... Kf7 18. O-O-O e6 19. Rh3 Bc6
20. Rg3 f5 21. Bxg7 Qxd3 22. Rdxd3 Kxg7 23. Rd6 $16 {1/2-1/2 Kunerth,
W-Gruenfeld,E/Krakow 1938/EXT 99 (35)}) 18. Qxg6 exd4 19. Qh7+ Kf7 20. Qh5+ Ke6
(20... Kg8 21. Nxd5 $18) 21. O-O-O (21. Qg4+ Kf7 (21... f5 22. Qxg7 dxc3 23.
Rh6+ Rf6 24. O-O-O $14) 22. Qh5+ (22. Rh7 Rg8 23. Qh5+ Ke6 24. Qe2+ Kf7 25.
Qh5+ $11) 22... Ke6 $11) 21... f5 22. Rhe1+ (22. Qe2+ $5 Kd6 23. Nxd5 Kxd5 24.
Qc4+ Kd6 25. Rxd4+ Bxd4 26. Qxd4+ Kc7 27. Rh7+ Kc6 28. Qc4+ Kd6 29. Rh3 $18)
22... Kd6 23. Nxd5 Kxd5 24. Qf3+ Kc5 25. Re6 Rc8 26. c3 a5 (26... Kb5 $2 $18
27. Qd3+ Ka5 28. Kc2 {1-0 Istratescu,A-Bogdan,D/ROM-ch 1992/EXT 97 (28)}) 27.
Kb1 Rf7 28. Qe2 b5 29. cxd4+ Bxd4 30. Re5+ Kb6 31. Qxb5+ Ka7 32. Rd5 $18) (13.
Qd3 Bb7 14. O-O-O Qe8 (14... Bc6 15. h4 Qc7 16. h5 $14 {1-0 Tukmakov,
V-Faibisovich,V/Leningrad 1962/MCD (58)}) 15. h4 Qf7 16. h5 $14 {1-0 Veresov,
G-Zaitsev,A/Moscow 1962/EXT 2001 (32)}) 13... Bxf6 14. Qd5+ e6 15. Qxa8 Bxc3+
16. bxc3 Qc7 17. O-O a5 18. Ra4 d5 19. exd5 Bb7 20. Rc4 (20. Qa7 exd5 21. Re1
Ra8 22. Qxa8+ Bxa8 23. Re8+ Kg7 24. Rxa8 Qxc3 25. g3 Qxc2 26. Rf4 g5 27. Ra7+
Kg6 28. Rff7 Qxb3 $19 {[time]. 0-1 Kotkov,Y-Zaitsev,A/Moscow 1962/EXT 2001 (39)
}) 20... Qd7 21. Qa7 exd5 22. Rd1 (22. Rg4 Qc7 23. Re1 Ra8 24. Qxa8+ Bxa8 25.
Re8+ Kg7 26. Rxa8 Qb7 {[%csl Ra8]} 27. Rd8 (27. Re8 Qd7 $19 {[%csl Re8,Rg4]})
27... Qe7 $19) 22... Qf7 23. Qxb6 dxc4 24. f3 Bd5 (24... Qe7 $1 $19) 25. bxc4
Bxc4 $2 $17 {Black loses very important Pa5 makes his task much more
complicated.} ({Wins easily} 25... Qe6 $1 $19 26. Qxe6+ (26. Qxa5 Bxf3 $19)
26... Bxe6 $19) 26. Qxa5 Qf5 (26... Qe7 27. Qb6 Qe2 28. Qd4 Re8 29. Ra1 Qe3+
$17) 27. Qc7 Bd5 (27... Qe6 28. h3 $17) 28. c4 Rc8 29. Qe7 Bxc4 30. Rd8+ Rxd8
31. Qxd8+ Qf8 32. Qd4 $1 ({Loses} 32. Qxf8+ $2 Kxf8 33. Kf2 Ke7 34. Ke3 Ke6 35.
Kd4 Bf1 36. g4 (36. g3 g5 37. c4 Bg2 38. f4 gxf4 39. gxf4 Kf5 40. Ke3 Bc6 $19)
36... g5 37. Ke4 Bg2 38. h4 gxh4 (38... h6 39. hxg5 hxg5 40. c4 $11) 39. Ke3 h3
40. Kf2 Bh1 41. Kg3 h2 42. Kxh2 (42. f4 Bf3 43. Kxh2 Bxg4 $19) 42... Bxf3 $19)
32... Qc8 33. c3 Be6 34. h3 Qd7 35. Qe5 Bd5 36. Kh2 Qc6 37. Qd4 h5 (37... Kf7
38. Qa7+ Qb7 39. Qc5 Be6 $17) 38. Qf4 Kg7 39. Qd4+ Kf7 40. Qf4+ Ke8 41. Qd4 Kd7
({Plan of increasing pressure is connected with black K trip to the White camp,
to capture Pc3:} 41... Qc4 42. Qh8+ (42. h4 Qxd4 43. cxd4 Kf7 44. Kg3 Kf6 45.
Kf4 Bc6 46. Ke3 Kf5 47. g3 Bd5 48. Ke2 Bc4+ 49. Kd2 Ke6 50. Ke3 Kd5 51. Kf4
Kxd4 52. Kg5 Bf7 53. Kf6 Be8 54. Ke7 Bc6 55. Kf6 Bxf3 56. Kxg6 Ke5 $19) 42...
Kf7 43. Qh7+ Kf6 44. Qh8+ Kf5 45. g4+ Kf4 46. Qf6+ Ke3 47. Kg3 Bf7 48. gxh5
gxh5 49. Qe5+ Kd3 50. h4 Kc2 51. Qf6 Kb2 52. Kf2 Kb3 53. Kg3 Qe6 54. Qd4 Qe1+
55. Kh3 Qxc3 $17) 42. Qa7+ Kc8 43. Qd4 Qd6+ 44. Kh1 Qc6 45. Qg7 Qe6 $17 1/2-1/2